Earn a BA in English Quiz Stats

Quiz Updated Jul 21, 2016

Challenge
Share
Tweet
Embed
Score 0/20 Timer 05:00
1 Play Today
% Correct
Bachelor
96.6%
Bamboo
95.9%
Bay
95.7%
Bayonet
95.3%
Battle
95.1%
Baffle
95.1%
Bake
95%
Barometer
93.6%
Bail
93%
Bandit
92.9%
% Correct
Bandwidth
91.9%
Bashful
91.2%
Badger
89.9%
Banal
89.4%
Banter
88.6%
Bauble
87.9%
Babble
87.4%
Batter
87.1%
Battery
86.3%
Bale
85.8%

You're not logged in!

Compare scores with friends on all Sporcle quizzes.
Join for Free
OR
Log In

You Might Also Like...

Show Comments

Extras

Top Quizzes Today


Score Distribution

Your Account Isn't Verified!

In order to create a playlist on Sporcle, you need to verify the email address you used during registration. Go to your Sporcle Settings to finish the process.

Report this User

Report this user for behavior that violates our Community Guidelines.

Details: